<?xml version="1.0" encoding="UTF-8"?>
<marc:record xmlns:marc="http://www.loc.gov/MARC21/slim">
   <marc:leader>00000nam a2200000 a 4500</marc:leader>
   <marc:datafield ind1="1" ind2=" " tag="100">
      <marc:subfield code="a">Fiedler, Mimi</marc:subfield>
      <marc:subfield code="4">aut</marc:subfield>
      <marc:subfield code="e">Verfasser/-in</marc:subfield>
   </marc:datafield>
   <marc:datafield ind1="1" ind2=" " tag="100">
      <marc:subfield code="a">Luckhaus, Iris</marc:subfield>
      <marc:subfield code="4">ctb</marc:subfield>
      <marc:subfield code="e">Mitwirkende/-r</marc:subfield>
   </marc:datafield>
   <marc:datafield ind1=" " ind2=" " tag="653">
      <marc:subfield code="a">Frauen</marc:subfield>
   </marc:datafield>
   <marc:datafield ind1=" " ind2=" " tag="653">
      <marc:subfield code="a">Beziehung</marc:subfield>
   </marc:datafield>
   <marc:datafield ind1=" " ind2=" " tag="653">
      <marc:subfield code="a">Ratgeber</marc:subfield>
   </marc:datafield>
   <marc:datafield ind1=" " ind2=" " tag="653">
      <marc:subfield code="a">Humor</marc:subfield>
   </marc:datafield>
   <marc:datafield ind1=" " ind2=" " tag="653">
      <marc:subfield code="a">Softcover / Belletristik/Romanhafte Biografien</marc:subfield>
   </marc:datafield>
   <marc:datafield ind1=" " ind2=" " tag="653">
      <marc:subfield code="a">Fiktionale Darstellung</marc:subfield>
   </marc:datafield>
   <marc:datafield ind1=" " ind2=" " tag="653">
      <marc:subfield code="a">Romanhafte Biographien</marc:subfield>
   </marc:datafield>
   <marc:datafield ind1="0" ind2="0" tag="245">
      <marc:subfield code="a">Brauchstu ma keine Doktor, brauchstu nur diese Buch</marc:subfield>
   </marc:datafield>
   <marc:datafield ind1="0" ind2="0" tag="245">
      <marc:subfield code="b">die Balkantherapie für Liebe, Leib und Leben ; [mit den Ratschlägen meiner kroatischen Mutter</marc:subfield>
   </marc:datafield>
   <marc:datafield ind1="0" ind2="0" tag="245">
      <marc:subfield code="c">Mimi Fiedler</marc:subfield>
   </marc:datafield>
   <marc:datafield ind1=" " ind2="1" tag="264">
      <marc:subfield code="a">München</marc:subfield>
      <marc:subfield code="b">mvg-Verl.</marc:subfield>
      <marc:subfield code="c">2015</marc:subfield>
   </marc:datafield>
   <marc:datafield ind1=" " ind2=" " tag="250">
      <marc:subfield code="a">1. Aufl.</marc:subfield>
   </marc:datafield>
   <marc:datafield ind1="1" ind2=" " tag="520">
      <marc:subfield code="a">Angaben aus der Verlagsmeldung

Brauchstu ma keine Doktor, brauchstu nur diese Buch : Die Balkantherapie für Liebe, Leib und Leben. Mit den Ratschlägen meiner kroatischen Mutter / von Mimi Fiedler, Iris Luckhaus

”Ich bin Mimi. Weiblich. Mitteleuropäisch. 39 Jahre. Habe gefühlte 2 Millionen mal in den Lebensabort gegriffen. 4 Beziehungen. 1 Ehe. 1 Kind. 1 Scheidung. 1 Rosenkrieg. Affären (Dunkelziffer). 1 Verlobung. 1 Entlobung. 1 Hochleistungsmixer aus Fenster geworfen. 2 x pleite. 14 Kilo zugenommen. 14 Kilo abgenommen. 165 cm. 55 kg.
Dann endlich beschlossen, nur noch auf Mama zu hören. Und jetzt: happy!”
Mimi Fiedler weiß dank ihrer kroatischen Mutter, wie frau mit dem Leben, der Liebe und den Männern umzugehen hat. Vor Mama spuren alle drei! Ihre original kroatischen Ratschläge sind bodenständig, urkomisch, politisch inkorrekt, frei von der Leber weg gegeben und, darauf verwettet Mimi ihren balkanesischen Po, sie funktionieren! Sie gibt sie mit vollen Händen, Charme und Witz weiter – ein Buch wie ein Plauderstündchen mit der besten Freundin!
</marc:subfield>
   </marc:datafield>
   <marc:datafield ind1=" " ind2=" " tag="020">
      <marc:subfield code="a">9783868825855</marc:subfield>
      <marc:subfield code="9">9783868825855</marc:subfield>
   </marc:datafield>
   <marc:datafield ind1=" " ind2=" " tag="020">
      <marc:subfield code="a">3868825851</marc:subfield>
      <marc:subfield code="9">3868825851</marc:subfield>
   </marc:datafield>
   <marc:datafield ind1=" " ind2=" " tag="041">
      <marc:subfield code="a">ger</marc:subfield>
   </marc:datafield>
   <marc:datafield ind1=" " ind2=" " tag="300">
      <marc:subfield code="a">261 S.</marc:subfield>
   </marc:datafield>
</marc:record>
